Európska centrálna banka bakalárska práca

Na minha lista:
Detalhes bibliográficos
Autor principal: Lukačovič, Róbert
Autor Corporativo: Národohospodárska fakulta EU. Katedra bankovníctva a medzinárodných financií
Outros Autores: Nemšáková, Ivana
Formato: Livro
Idioma:eslovaco
Publicado em: Bratislava 2009
Tags: Adicionar Tag
Sem tags, seja o primeiro a adicionar uma tag!

MARC

LEADER 00000nam$a2200000$$$4500
001 0100174
005 20240319123215.2
041 0 |a slo 
044 |a SK 
245 1 0 |a Európska centrálna banka  |b bakalárska práca  |c Róbert Lukačovič ; škol. Ivana Nemšáková 
264 1 |a Bratislava  |c 2009 
300 |a 43 s. 
100 1 |a Lukačovič, Róbert 
700 1 |a Nemšáková, Ivana 
710 2 |a Národohospodárska fakulta EU. Katedra bankovníctva a medzinárodných financií